Personnages joués par Johnny Depp par images (Click) - Statistiques

Statistiques générales
  • Ce quiz a été pris 300 fois
    168 depuis la dernière actualisation
  • Le résultat moyen est 13 sur 25
Statistiques - réponses
Hint Réponse % Correct
Pirates des Caraïbes - La Malédiction du Black Pearl
95%
Charlie et la Chocolaterie
93%
Alice au pays des merveilles
92%
Le Crime de l'Orient-Express
90%
Les Animaux fantastiques
83%
Edward aux mains d'argent
79%
Jeanne du Barry
76%
Dark Shadows
76%
Sweeney Todd
59%
Lone Ranger
58%
Sleepy Hollow
58%
Cry-Baby
46%
Las Vegas Parano
43%
Public Enemies
42%
Platoon
38%
Gilbert Grape
35%
La Neuvième Porte
31%
Ed Wood
27%
Dead Man
27%
Donnie Brasco
27%
From Hell
24%
Blow
18%
Arizona Dream
18%
Strictly Criminal
15%
Neverland
12%
Aucun quiz correspondant
Distribution des résultats
% des personnes avec chaque résultat
Percentile par nombre de réponses
Votre historique - résultats
Vous n’avez pas pris ce quiz depuis la dernière actualisation